Colloque de géométrie différentielle globale : (Record no. 50619)
[ view plain ]
| 000 -LEADER | |
|---|---|
| fixed length control field | 00895nam a2200265 a 4500 |
| 001 - CONTROL NUMBER | |
| control field | 50619 |
| 003 - CONTROL NUMBER IDENTIFIER | |
| rucl marc code | BD-RjUL |
| 005 - DATE AND TIME OF LATEST TRANSACTION | |
| control field | 20211209075534.0 |
| 008 - FIXED-LENGTH DATA ELEMENTS--GENERAL INFORMATION | |
| fixed length control field | 160828s1959 be b 10010 fre |
| 035 ## - SYSTEM CONTROL NUMBER | |
| System control number | (BD-RjUL)50739 |
| 040 ## - CATALOGING SOURCE | |
| Original cataloging agency | DLC/ICU |
| Transcribing agency | ICU |
| Language of cataloging | eng |
| Modifying agency | BD-RjUL |
| 041 0# - LANGUAGE CODE | |
| Language code of text/sound track or separate title | freeng |
| 082 ## - DEWEY DECIMAL CLASSIFICATION NUMBER | |
| Edition number | 23 |
| Classification number | 516.7 |
| Author mark and year | COL 1959 |
| 110 ## - MAIN ENTRY--CORPORATE NAME | |
| Corporate name or jurisdiction name as entry element | Centre belge de recherches mathématiques. |
| 9 (RLIN) | 151572 |
| 245 10 - TITLE STATEMENT | |
| Title | Colloque de géométrie différentielle globale : |
| Remainder of title | tenu à Bruxelles du 19 au 22 décembre 1958. / |
| 260 0# - PUBLICATION, DISTRIBUTION, ETC. (IMPRINT) | |
| Place of publication, distribution, etc. | Louvain : |
| Name of publisher, distributor, etc. | Librairie universitaire, |
| Date of publication, distribution, etc. | 1959. |
| 300 ## - PHYSICAL DESCRIPTION | |
| Pagination | 181 p. ; |
| Size | 25 cm. |
| 500 ## - GENERAL NOTE | |
| General note | Organized by the Centre belge de recherches mathématiques. |
| General note | French or English. |
| 504 ## - BIBLIOGRAPHY, ETC. NOTE | |
| Bibliography, etc | Includes bibliographies. |
| 650 #0 - SUBJECT ADDED ENTRY--TOPICAL TERM | |
| Topical term or geographic name as entry element | Geometry, Differential |
| Form subdivision | Congresses. |
| 9 (RLIN) | 151570 |
| Topical term or geographic name as entry element | Sphere |
| General subdivision | Congresses. |
| 9 (RLIN) | 151571 |
| 942 ## - ADDED ENTRY ELEMENTS (KOHA) | |
| Source of classification or shelving scheme | Dewey Decimal Classification |
| Koha item type | Books |
| Lost status | Source of classification or shelving scheme | Damaged status | Not for loan | Collection code | Permanent Location | Current Location | Shelving location | Date acquired | Source of acquisition | Cost, normal purchase price | Total Checkouts | Full call number | Date last seen | Copy number | Koha item type |
|---|---|---|---|---|---|---|---|---|---|---|---|---|---|---|---|
| Dewey Decimal Classification | Non-fiction | Central Library, University of Rajshahi | Central Library, University of Rajshahi | 06/04/1965 | Zeitlinger | 348.00 | 516.7 COL 1959 | 28/08/2016 | C-2 | Books |